[Event "Finland Team Ch 2011-2012"]
[Site "Helsinki FIN"]
[Date "2011.10.15"]
[Round "2"]
[White "Varjokallio, Matti"]
[Black "Ståhle, Sten"]
[Result "1-0"]
[Section "III Division:2"]
[Board "4"]
[WhiteTeam "Lauttasaaren Shakkikerho 3"]
[BlackTeam "Helsingin Shakkiklubi 5"]
[WhiteElo "1687"]
[BlackElo "1621"]

1.e4 c5 2.Nf3 d6 3.d4 cxd4 4.Nxd4 Nf6 5.Nc3 a6 6.Be3 e6 7.f3 b5 8.Qd2
Bb7 9.O-O-O Be7 10.g4 Qc7 11.h4 Nc6 12.Nxc6 Bxc6 13.h5 O-O 14.g5 Nd7
15.g6 b4 16.Nd5? exd5 17.exd5 Bb5 18.h6 fxg6 19.Bh3 Bf6 20.Be6+ Kh8??
(20...Rf7) 21.hxg7+ Bxg7 22.Rxh7+ Kxh7 23.Qh2+ 1-0

[Event "Finland Team Ch 2011-2012"]
[Site "Helsinki FIN"]
[Date "2011.10.15"]
[Round "2"]
[White "Veijola, Heikki"]
[Black "Heimonen, Arto"]
[Result "0-1"]
[Section "III Division:2"]
[Board "5"]
[WhiteTeam "Helsingin Shakkiklubi 5"]
[BlackTeam "Lauttasaaren Shakkikerho 3"]
[WhiteElo "1637"]
[BlackElo "1597"]

1.c4 e5 2.Nc3 Nf6 3.g3 Be7 4.Bg2 O-O 5.Nf3 d6 6.d3 c5 7.Rb1 Nc6 8.a3
a5 9.Ng5 Ng4 10.Nge4 f5 11.h3 fxe4 12.hxg4 Bxg4 13.Bxe4 h6 14.Bd5+ Kh8
15.f3 Qd7?? (15...Bf5) 16.fxg4 Qxg4 17.Ne4 Nd4 18.Be3 a4 19.Bxd4 exd4
20.Qd2 Qg6 21.Kd1 Bd8 22.Kc2 Ba5 23.Qg5 Qxg5 24.Nxg5 Rf2 25.Bf3 Rf8
26.Kd1 Kg8 27.Ne4 R2xf3 28.exf3 Rxf3 29.Kc2 Re3 30.Rh2 b5 31.Nxd6 b4
32.axb4 cxb4 33.b3 a3 34.Nf5 Rf3 35.Nxd4 Rxg3 36.Nc6 Bc7 37.Nxb4 Be5
38.Re2 Bf6 39.Rd1 h5 40.d4 h4 41.d5? Rc3+ 42.Kb1 Rxb3+ 43.Ka2 Rxb4
44.d6? (44.c5) Rxc4 45.d7 Rb4 46.d8=Q+ Bxd8 47.Rxd8+ Kh7 48.Kxa3 Rb7
49.Rde8 g5 50.R8e7+? (50.Rg2 {+/-}) Rxe7 51.Rxe7 Kg6 52.Kb3 h3 53.Kc3??
(53.Re8 g4 54.Rh8 {=}) h2 54.Re1 g4 55.Kd2 g3 56.Ke2 g2 57.Kf2 h1=Q
58.Rg1 Kf5 59.Rxg2 Kf4 60.Rg8 Qf3+ 61.Kg1 Qe3+ 62.Kh2 Qf2+ 63.Rg2 Qh4+
64.Kg1 Qe1+ 65.Kh2 Kf3 66.Ra2 Qg3+ 67.Kh1 Qh4+ 68.Kg1 Qg5+ 69.Kh2 Qh6+
70.Kg1 Qb6+ 71.Kh2 Qb8+ 0-1

[Event "Finland Team Ch 2011-2012"]
[Site "Vantaa FIN"]
[Date "2011.10.16"]
[Round "3"]
[White "Kauppala, Pekka"]
[Black "Hallenberg, Sami"]
[Result "0-1"]
[Section "II Division:1"]
[Board "1"]
[WhiteTeam "Lauttasaaren Shakkikerho"]
[BlackTeam "Etelä-Vantaan Shakki 3"]
[WhiteElo "2119"]
[BlackElo "2054"]

1.g3 Nf6 2.Bg2 g6 3.e4 d6 4.d4 Bg7 5.Ne2 O-O 6.h3 e5 7.O-O c6 8.Nbc3
Nbd7 9.Kh2 Re8 10.d5 c5 11.Be3 a6 12.a4 Rb8 13.Qd3 Qc7 14.b3 Nf8
15.Ng1 Bd7 16.a5 Rec8 17.Qc4 Kh8 18.Nf3 Nh5 19.Ng5 f5 20.f4 (20.Nf7+
Kg8 21.Nh6+ Kh8 22.Bg5) exf4 21.gxf4 Bb5 22.Nxb5 axb5 23.Qxb5 Bxa1
24.Rxa1 Re8 25.Qd3 Qd7 (25...h6) 26.e5 dxe5 27.fxe5 h6 28.Nf3 Kh7
29.Rd1 (29.Bxc5 Nf4 30.Qd4 {+/-}) Rbc8 30.c4 g5 31.Qe2 (31.Kg1) g4
32.hxg4 fxg4 33.Qd3+ Kg8 34.Rg1 (34.Qe4! gxf3 35.Bxf3 {+/=}) Kh8 35.Nh4?
(35.Bd2 {+/=}) Qe7 36.Bf2 Qxe5 37.Kh1 Qf6 38.Nf5 (38.Qf5 {=}) Re5 39.Be4
Nf4 40.Qe3?? (40.Qc2 {=}) Rxf5 41.Bxf5 Qxf5 42.Bh4 N8g6 43.Qc3+ Kh7
44.Qf6 Qe4+ 0-1

[Event "Finland Team Ch 2011-2012"]
[Site "Vantaa FIN"]
[Date "2011.10.16"]
[Round "3"]
[White "Taylor, Daryl"]
[Black "Heikkinen, Jyrki"]
[Result "1/2-1/2"]
[Section "II Division:1"]
[Board "2"]
[WhiteTeam "Etelä-Vantaan Shakki 3"]
[BlackTeam "Lauttasaaren Shakkikerho"]
[WhiteElo "2010"]
[BlackElo "2062"]

1.Nf3 Nf6 2.g3 d5 3.c4 d4 4.b4 a5 5.Bb2 axb4 6.Nxd4 e5 7.Nc2 Bd6
(7...Bc5) 8.Bg2 O-O 9.d3 Qe7 10.Nd2 c5 (10...Nc6) 11.a3 bxa3 12.Nxa3
Nc6 13.h3 Be6 1/2-1/2

[Event "Finland Team Ch 2011-2012"]
[Site "Vantaa FIN"]
[Date "2011.10.16"]
[Round "3"]
[White "Ertbjerg, Per"]
[Black "Rajakari, Janne"]
[Result "1-0"]
[Section "II Division:1"]
[Board "3"]
[WhiteTeam "Lauttasaaren Shakkikerho"]
[BlackTeam "Etelä-Vantaan Shakki 3"]
[WhiteElo "2035"]
[BlackElo "1865"]

1.d4 d5 2.c4 e6 3.Nf3 Nf6 4.Bg5 Nbd7 5.Nc3 c6 6.e3 Qa5 7.Nd2 Bb4 8.Qc2
Ne4 9.Ndxe4 dxe4 10.Bh4 e5 11.Be2 O-O 12.O-O exd4 13.exd4 Bxc3 14.bxc3
f5 15.f3 exf3 16.Rxf3 Nf6 17.Bd3 g6 18.Re1 Bd7? 19.Re7 Rad8? 20.Qc1 f4
21.Qxf4 Bf5 22.Qh6 Rf7 23.Rxf7 Kxf7 24.Bxf5 Rd6 25.Bd3 Qxa2 26.Qxh7+
1-0

[Event "Finland Team Ch 2011-2012"]
[Site "Vantaa FIN"]
[Date "2011.10.16"]
[Round "3"]
[White "Jokinen, Esko"]
[Black "Sobenin, Evgeny"]
[Result "1/2-1/2"]
[Section "II Division:1"]
[Board "4"]
[WhiteTeam "Etelä-Vantaan Shakki 3"]
[BlackTeam "Lauttasaaren Shakkikerho"]
[WhiteElo "1761"]
[BlackElo "1935"]

1.d4 Nf6 2.Nc3 d6 3.e4 g6 4.f4 Bg7 5.Nf3 Bg4 6.Be2 c6 7.Be3 Qa5 8.O-O
O-O 9.h3 Bxf3 10.Bxf3 Nbd7 11.Qd2 Qc7 12.f5 e5 13.fxe6 fxe6 14.Bh6 e5
15.Bxg7 Kxg7 16.Ne2 Rad8 17.c3 Rf7 18.g4 Rdf8 19.g5 Nd5 20.exd5 Rxf3
21.Kg2 e4 22.Ng1 Rxf1 23.Rxf1 cxd5 24.Ne2 Rxf1 25.Kxf1 Nf8 26.Qf4 Qe7
27.h4 Ne6 28.Qg4 Qf7+ 29.Ke1 Kf8 30.c4 Qf5 (30...e3 31.Qg3 Qf5) 31.Qg3
(31.Qxf5+ gxf5 32.cxd5 {=}) Ke7 32.c5 dxc5 33.dxc5 Nd8 (33...Nxc5!)
34.Qc7+ Qd7 35.Qe5+ Qe6 36.Qc7+ Qd7 37.Qe5+ Qe6 38.Qc7+ 1/2-1/2

[Event "Finland Team Ch 2011-2012"]
[Site "Vantaa FIN"]
[Date "2011.10.16"]
[Round "3"]
[White "Piippo, Mikko"]
[Black "Räsänen, Otto"]
[Result "0-1"]
[Section "II Division:1"]
[Board "5"]
[WhiteTeam "Lauttasaaren Shakkikerho"]
[BlackTeam "Etelä-Vantaan Shakki 3"]
[WhiteElo "1831"]
[BlackElo "1750"]

1.d4 Nf6 2.Nf3 e6 3.Bg5 c5 4.e3 b6 5.Bd3 Bb7 6.Nbd2 Be7 7.c3 h6 8.Bh4
O-O 9.O-O cxd4 10.exd4 d6 11.Re1 Nbd7 12.Qe2 Re8 13.Bc2 Nh5 14.Bxe7
Rxe7 15.Nh4 Nf4 16.Qg4 Nd5 (16...g5) 17.Qg3 N7f6 18.Rad1 Rc7 19.a3 b5
20.Ne4 Nxe4 21.Bxe4 Nf6 22.Bb1 Re7 23.Qd3 a6 24.Nf3 Qc7 25.Re3 Bd5
26.Nh4 Qc4 27.Qd2 Kf8 28.Rde1 Rae8 29.Bd3 Qc7 30.f4 Bb7 31.Qe2 Nd5
32.Rg3 Nxf4 33.Qg4 g5 34.Bb1? (34.Rf1 {=/+}) f5 35.Nxf5 exf5 36.Qxf5+
Rf7 37.Rxe8+ Kxe8 38.Re3+ Re7 (38...Re7 39.Qh7! Nd5 40.Bg6+ Kd7
41.Rxe7+ Nxe7 42.Bf5+ Kc6 43.Be4+ Kb6 44.Bxb7 Qxb7 45.Qxh6 {-/+}) 0-1

[Event "Finland Team Ch 2011-2012"]
[Site "Helsinki FIN"]
[Date "2011.11.19"]
[Round "3"]
[White "Järvinen, Seppo"]
[Black "Hall, Raimo"]
[Result "1-0"]
[Section "III Division:4"]
[Board "1"]
[WhiteTeam "Lauttasaaren Shakkikerho 2"]
[BlackTeam "Helsingin Shakkiklubi 6"]
[WhiteElo "1826"]
[BlackElo "1774"]

1.e4 e6 2.d4 d5 3.exd5 exd5 4.Nf3 Bd6 5.Bd3 Nc6 6.c3 Nge7 7.Qc2 h6
8.Be3 Bg4 9.Nbd2 Qd7 10.b4 Nf5 11.O-O Nxe3 12.fxe3 Ne7 13.e4 Bf4
14.Rae1 O-O 15.g3 Bxd2 16.Qxd2 f6 17.Nh4 c6 18.exd5 cxd5 19.Rxe7 Qxe7
20.Ng6 Qd7 21.Nxf8 Rxf8 22.Re1 Re8 23.Bg6 Rxe1+ 24.Qxe1 Qe6 25.Kf1
Qxe1+ 26.Kxe1 Kf8 27.Bd3 Ke7 28.a4 Kd6 29.a5 b6 30.axb6 axb6 31.Kd2 g5
32.Ke3 h5 33.Bg6 h4? 34.gxh4 gxh4 35.Kf4 Be2 36.Be8 Ke6 37.Bg6 Bd1
38.Bf5+ Kf7 39.Bg4 Bc2 40.Bf3 Ke6 41.Kg4 Be4?? 42.Be2? (42.Bxe4 dxe4
43.Kxh4 {+-}) h3 43.Kxh3 Kf5 44.Kg3 Kg5 45.h4+ Kf5 46.Bg4+ Kg6 47.Kf4
Bd3 48.Bf3 (48.Bf5+! Bxf5 49.h5+ {+-}) Bc4 49.h5+ Kf7 50.Bg4 Ba6 51.Bf5
Kg7 52.Bd7 Bd3 53.Bf5 Bb5 54.Bg6 Bd7 55.Kg3 Kh6 56.Kf3? (56.Bf7) Bc6?
(56...Kg5 {+/=}) 57.Kf4 Kg7 58.Bf5 Kh6 59.Be6 Kxh5 60.Kf5 Bb7 61.Kxf6
1-0

[Event "Finland Team Ch 2011-2012"]
[Site "Helsinki FIN"]
[Date "2011.11.19"]
[Round "3"]
[White "Rännäri, Osmo"]
[Black "Piippo, Mikko"]
[Result "1/2-1/2"]
[Section "III Division:4"]
[Board "2"]
[WhiteTeam "Helsingin Shakkiklubi 6"]
[BlackTeam "Lauttasaaren Shakkikerho 2"]
[WhiteElo "1785"]
[BlackElo "1822"]

1.e4 d5 2.exd5 Qxd5 3.Nc3 Qd6 4.Nf3 Nf6 5.Be2 Bg4 6.d4 c6 7.Be3 Nbd7
8.Qd2 Nd5 9.Nxd5 cxd5 10.h3 Bf5 11.Bf4 Qb6 12.c3 e6 13.Nh4 Be4 14.f3
Bg6 15.Nxg6 hxg6 16.Bd3 Bd6 17.Bxd6 Qxd6 18.Qf2 Rc8 19.f4 a6 20.O-O b5
21.a3 O-O 22.Rae1 Nf6 23.Qe3 Qc6 24.Qe2 Rb8 25.Rf3 a5 26.Qd2 b4
27.axb4 axb4 28.Bb1 bxc3 29.Rxc3 Qb6 30.b3 Rfc8 31.Ree3 Rxc3 32.Qxc3
Ne8 33.Qc5 Nd6 34.Bc2 Qb4 35.Rc3 Nf5 36.Bxf5 gxf5 37.Qxb4 Rxb4 38.Rd3
f6 39.Kf2 Kf7 40.Ke2 Ke7 41.Kd2 Kd6 42.Kc3 Rb8 43.b4 g5 44.g3 gxf4
45.gxf4 e5 46.dxe5+ fxe5 47.fxe5+ Kxe5 48.h4 f4 49.h5 Rc8+ 50.Kd2 Rb8
51.Rb3 Ke4 52.Ke2 f3+ 53.Rxf3 Rxb4 54.Rh3 Rb2+ 55.Kd1 Rb7 56.Kd2 Rh7
57.h6 Kf5 58.Kd3 Kg6 59.Kd4 Rxh6 60.Rxh6+ Kxh6 61.Kxd5 1/2-1/2

[Event "Finland Team Ch 2011-2012"]
[Site "Helsinki FIN"]
[Date "2011.11.19"]
[Round "3"]
[White "Turtiainen, Kimmo"]
[Black "Siltala, Henri"]
[Result "1/2-1/2"]
[Section "III Division:4"]
[Board "3"]
[WhiteTeam "Lauttasaaren Shakkikerho 2"]
[BlackTeam "Helsingin Shakkiklubi 6"]
[WhiteElo "1797"]
[BlackElo "1677"]

1.e4 c5 2.Nf3 Nc6 3.d4 cxd4 4.Nxd4 Nf6 5.Nc3 d6 6.Be2 g6 7.Be3 Bg7
8.O-O O-O 9.a3 Ne5 10.h3 d5 11.f4 Nc4 12.Bxc4 dxc4 13.Qf3 a6 14.Rad1
Qc7 15.e5 Nd7 16.Ne4 e6 17.Ng5 Nb6 18.h4 Nd5 19.Bc1 b5 20.h5 Qc5
21.Kh2 c3 22.hxg6 hxg6 23.Ne4 cxb2 24.Bxb2 Qe7 25.g4 Bb7 26.g5 Rfc8
27.Nd6 Rc7 28.Nxb7 Rxb7 29.Rd3 Qc7 30.Kg3 Rc8 31.Rf2 Nxf4 32.Kxf4 Qxe5
33.Kg4 Rc5?? 34.Bc1? (34.Qxb7 {+-}) Rd7 35.Ne2 Rc4+ 36.Kh3 Rdc7 37.Bf4
Qf5+ 38.Kg2 e5 39.Rd8+ Bf8 40.Bd2 Qxc2?? (40...Qxf3+) 41.Bb4 Rxb4
42.axb4 Qc4 43.Ng3 Qxb4 44.Ne4 Kg7 45.Qf6+ Kg8 46.Qxe5 Rc6 47.Nf6+
(47.Qe8 {+-}) Rxf6 48.Qxf6 Qg4+ 49.Kf1 Qc4+ 50.Kg1 Qg4+ 51.Rg2 Qe4
52.Qf2 Qb1+ 53.Kh2 Qc1 54.Rg3 Qc7 55.Qd4 a5 56.Kh3 Qc6 57.Kh2
(57.Rxf8+!) Qc2+ 58.Kh1 Qc1+ 59.Rg1 Qa3 60.Rf1?? Qh3+ 1/2-1/2

[Event "Finland Team Ch 2011-2012"]
[Site "Helsinki FIN"]
[Date "2011.11.19"]
[Round "3"]
[White "von Hellens, Otto"]
[Black "Siikonen, Timo"]
[Result "1-0"]
[Section "III Division:4"]
[Board "4"]
[WhiteTeam "Helsingin Shakkiklubi 6"]
[BlackTeam "Lauttasaaren Shakkikerho 2"]
[WhiteElo "1668"]
[BlackElo "1785"]

1.e4 e6 2.d4 d5 3.Nc3 Bb4 4.a3 Bxc3+ 5.bxc3 dxe4 6.Qg4 Nf6 7.Qxg7 Rg8
8.Qh6 Rg6 9.Qd2 c5 10.f3 Nc6 11.Bb2 Qa5 12.fxe4 Nxe4 13.Qe3 f5 14.Nf3
Bd7 (14...cxd4 15.Nxd4 Nxd4 16.Qxd4 e5 17.Qb4 Qd8) 15.O-O-O cxd4
16.Nxd4 Nxd4 17.Qxd4 O-O-O 18.Qe3 Qc5 19.Rd4 Qb6 20.Bd3 Bc6 21.Rxd8+
Kxd8 22.Qh3?? (22.Qxb6) Qc7? (22...Nf2 23.Qxh7 Rxg2 {-+}) 23.Rd1 Kc8
24.Qh4 Rxg2 25.Qh6 Qe7 26.Bc4 Bd7 27.Kb1 Rg6 28.Qe3 b6? (28...Qc5)
29.Ba6+ Kb8? (29...Kc7) 30.c4 e5 31.Rd5 Re6 32.Qg1 Nf6 33.Rxe5 Rxe5
34.Qg3 Kc7?? (34...Ng4 35.h3 Qd6 36.hxg4 Re6 {=/+}) 35.Qxe5+ 1-0

[Event "Finland Team Ch 2011-2012"]
[Site "Helsinki FIN"]
[Date "2011.11.19"]
[Round "3"]
[White "Turunen, Tiina"]
[Black "Laaksovuori, Tommi"]
[Result "1-0"]
[Section "III Division:2"]
[Board "1"]
[WhiteTeam "Etelä-Vantaan Shakki 4"]
[BlackTeam "Lauttasaaren Shakkikerho 3"]
[WhiteElo "1644"]
[BlackElo "1722"]

1.d4 d5 2.c4 e5 3.dxe5 d4 4.e4 Nc6 5.f4 Bc5 6.Bd3 f6 (6...Qh4+) 7.exf6
(7.Nf3) Nxf6 8.Nf3 Bb4+ 9.Bd2 Bxd2+ 10.Nbxd2 Ng4 11.Nf1 Qd6 12.e5 Qc5
13.a3 a5 14.h3 Nh6 15.N1d2 Nf5 16.g4 Ne3 17.Qe2 a4 18.Ne4 Qa5+ 19.Kf2
h5 (19...Qb6) 20.g5 (20.Nxd4) Nf5 (20...Rf8! {+/=}) 21.Ng3 Nxg3?
(21...Nfe7) 22.Kxg3 O-O 23.Nh4 Rxf4 24.Kxf4 Bd7 25.Ng6 Nd8 26.Rae1
Ne6+ 27.Kg3 h4+ 28.Kh2 Be8 29.Qg4 Qd2+ 30.Qe2 Qa5 31.Rhf1 Bxg6 32.Bxg6
d3 33.Qh5 Qd2+ 34.Kh1 Nxg5 35.Bf7+ Nxf7 36.Qxf7+ Kh8 37.Re4 Ra6 38.e6
Qh6 39.Qe7 Ra5 40.Qf8+ Kh7 41.e7 Ra8 42.Qf5+ g6 43.Qf7+ Qg7 44.Rxh4#
1-0

[Event "Finland Team Ch 2011-2012"]
[Site "Helsinki FIN"]
[Date "2011.11.19"]
[Round "3"]
[White "Heimonen, Arto"]
[Black "Lindholm, Jere"]
[Result "0-1"]
[Section "III Division:2"]
[Board "2"]
[WhiteTeam "Lauttasaaren Shakkikerho 3"]
[BlackTeam "Etelä-Vantaan Shakki 4"]
[WhiteElo "1622"]
[BlackElo "1507"]

1.e4 c6 2.Nf3 d5 3.e5 Bg4 4.d4 e6 5.Bd3 Nd7 6.O-O c5 7.c3 cxd4 8.cxd4
Qb6 9.Be3 Qxb2 10.Nbd2 Qb6 11.Rb1 Qc7 12.Qa4 Ne7 13.Rfc1 Nc6 14.Bb5
Rc8 15.Nb3 Nb6 16.Qa5 (16.Qxa7) Nd7 (16...Bf5) 17.Qxc7 Rxc7 18.Na5
Ndb8 19.Nxb7 Bf5 20.Rb3 a6 21.Ba4 Kd7 22.Na5 Be7 23.h3 (23.Nxc6 Nxc6
24.Rxc6 Rxc6 25.Rb7+ {+-}) Rhc8 24.Ng5 (24.Bd2) Bxg5 25.Bxg5 h6 26.Bd2
Ke7 27.Rxb8?? (27.Rb6 {+-}) Nxb8 28.Bb4+ Kd8 29.Rxc7 Rxc7 30.Bd6 Rc1+
31.Kh2 Nd7? (31...Kc8) 32.Nb3? (32.Nc6+ Kc8 33.Ne7+ {=}) Rc4 33.Bxd7
Kxd7 34.Nc5+ Kc6 35.Nb3 Ra4 36.a3 Bc2 37.Nc5 Rxd4 38.Nxa6 Bf5 39.Nb4+
Kd7 40.a4 f6 41.Na6 fxe5 42.Bxe5 Rd2 43.Bxg7 Rxf2 44.Kg1 Ra2 45.Bxh6
Kd6 46.Bf8+ Ke5 47.Nc5 d4 48.g4 d3 49.gxf5 d2 50.Nd3+ Kxf5 51.Nf2 Ra1+
52.Kg2 d1=Q 53.Nxd1 Rxd1 54.a5 Ra1 55.Bb4 Ra4 56.Be1 e5 57.h4 Kg4
58.Kf1 e4 59.Ke2 Ra3 60.Kf1 Ra2 61.Kg1 e3 62.Kf1 Kf3 63.h5 e2+ 0-1

[Event "Finland Team Ch 2011-2012"]
[Site "Helsinki FIN"]
[Date "2011.11.19"]
[Round "3"]
[White "Stenbacka, Alexander"]
[Black "Laakso, Mikko"]
[Result "1/2-1/2"]
[Section "III Division:2"]
[Board "3"]
[WhiteTeam "Etelä-Vantaan Shakki 4"]
[BlackTeam "Lauttasaaren Shakkikerho 3"]
[WhiteElo "1489"]
[BlackElo "1499"]

1.c4 e5 2.Nc3 Nf6 3.g3 Nc6 4.Bg2 Bb4 5.e3 O-O 6.Nge2 Re8 7.O-O d6 8.b3
Bg4 9.Bb2 Qd7 10.Re1 Rad8 11.Nd5 Nxd5 12.cxd5 Ne7 13.Qc2 c6 14.a3 Ba5
15.b4 Bb6 16.Nc3 Rc8 17.dxc6 bxc6 18.Ne2 Bf5 19.Qd1 Ng6 20.d4 e4
21.Rc1 d5 22.Rc3 Bg4 23.Qc2 Rc7 24.Rc1 Rec8 25.Qd2 Qf5 26.Qc2 1/2-1/2

[Event "Finland Team Ch 2011-2012"]
[Site "Helsinki FIN"]
[Date "2011.11.19"]
[Round "3"]
[White "Liang, Ville"]
[Black "Laakso, Petri"]
[Result "1/2-1/2"]
[Section "III Division:2"]
[Board "4"]
[WhiteTeam "Lauttasaaren Shakkikerho 3"]
[BlackTeam "Etelä-Vantaan Shakki 4"]
[WhiteElo "1494"]
[BlackElo "1232"]

1.d4 d5 2.Bf4 Nf6 3.e3 Bf5 4.c4 e6 5.a3 Be7 6.Nf3 O-O 7.Nbd2 Nbd7
8.Rc1 c6 9.c5 Rc8 10.b4 a6 11.Qb3 Ne4 12.Nxe4 Bxe4 13.Nd2 Bg6 14.Bd3
Bxd3 15.Qxd3 f5 16.h3 Bg5 17.Bd6 Be7 1/2-1/2

[Event "Finland Team Ch 2011-2012"]
[Site "Helsinki FIN"]
[Date "2011.11.19"]
[Round "3"]
[White "Haverinen, Jarmo"]
[Black "Kauppinen, Janne"]
[Result "0-1"]
[Section "III Division:2"]
[Board "5"]
[WhiteTeam "Etelä-Vantaan Shakki 4"]
[BlackTeam "Lauttasaaren Shakkikerho 3"]
[WhiteElo "1122"]
[BlackElo "1470"]

1.d4 Nf6 2.c4 e6 3.e3 d5 4.cxd5 exd5 5.Nf3 Be7 6.Qa4+ Bd7 7.Bb5 c6
8.Bd3 O-O 9.Qb3 Qc7 10.O-O a5 11.Nc3 b5 12.e4 dxe4 13.Nxe4 a4 14.Qc2
Nxe4 15.Bxe4 f5 16.Bd5+ Kh8 17.Bg5?? (17.Ne5) Qd8 (17...Bd6) 18.Rfe1?
Bxg5 19.Ne5? cxd5 20.Nxd7 Qxd7 21.Qc5 Na6 22.Qa3 b4 23.Qg3 h6 24.h4
Bf6 25.Qf4 Rfe8 26.Rxe8+ Rxe8 27.a3 b3 28.Qd2 Bxh4 29.Qa5 Nc7 30.Rc1
Ne6 31.Qb4 Bf6 32.Rd1 Qc6 33.Rd3 Qc4 34.Qxc4 dxc4 35.Rc3 Rc8 36.d5
Bxc3 37.dxe6 Bxb2 0-1

[Event "Finland Team Ch 2011-2012"]
[Site "Helsinki FIN"]
[Date "2012.01.14"]
[Round "5"]
[White "Heikkinen, Jyrki"]
[Black "Jormanainen, Pauli"]
[Result "1-0"]
[Section "II Division:1"]
[Board "1"]
[WhiteTeam "Lauttasaaren Shakkikerho"]
[BlackTeam "Itä-Helsingin Shakkikerho 3"]
[WhiteElo "2067"]
[BlackElo "1788"]

1.d4 d5 2.e4 dxe4 3.Nc3 Nf6 4.f3 e6 5.fxe4 Be7 6.Nf3 O-O 7.Bd3 c5 8.e5
Nd5 9.h4 Nc6 (9...h6) 10.Bxh7+ Kh8 11.Be4 (11.Ng5 g6 12.Nxf7+ Rxf7
13.Bxg6) f5 12.exf6 (12.Ng5! Qe8 (12...g6 13.Bxd5 exd5 14.h5 Kg7
15.hxg6 Rh8 16.Nh7) 13.Bxd5 exd5 14.Nxd5 {+/-}) Nxf6 13.Bxc6 bxc6 14.Be3
cxd4 15.Nxd4 (15.Qxd4) Qd6 16.Qf3 c5 (16...Nd5) 17.Qxa8 cxd4 18.O-O-O
e5 19.Qxa7 Bg4 20.Rd3 Qe6 21.Bxd4 exd4 22.Qxd4 Qc6 23.Nd5 Bc5 24.Qe5
Bd6 25.Qg5 Be2 26.Rd2 Bc4 27.Ne3 Be6 28.Rf1 Kg8? 29.Nf5 Bxf5 30.Qxf5
Bc5 31.Qd3 Re8 32.Re2 Rc8 33.g4 Nd5 34.Kb1 Kh8 35.Re5 Nb4 36.Rh5+ 1-0

[Event "Finland Team Ch 2011-2012"]
[Site "Helsinki FIN"]
[Date "2012.01.14"]
[Round "5"]
[White "Sjöberg, Mikael"]
[Black "Ertbjerg, Per"]
[Result "0-1"]
[Section "II Division:1"]
[Board "2"]
[WhiteTeam "Itä-Helsingin Shakkikerho 3"]
[BlackTeam "Lauttasaaren Shakkikerho"]
[WhiteElo "1792"]
[BlackElo "2062"]

1.Nc3 Nf6 2.e4 d6 3.f4 c5 4.Nf3 Nc6 5.a3 e6 6.Be2 Be7 7.O-O O-O 8.d3
a6 9.h3 Nd4 10.Be3 Nxe2+ 11.Nxe2 b5 12.g4 Bb7 13.Ng3 Nd7 14.g5 f5
15.h4 fxe4 16.dxe4 d5 17.e5 d4 18.Bd2 Nb6 19.b3 Nd5 20.Nh2 c4 21.Qg4?
Qb6 22.bxc4 d3+ 23.Rf2 Bc5 24.Rf1 Ne3 25.Bxe3 Bxe3 26.f5 dxc2 27.Qe2
c1=Q 28.Rxc1 Bxc1 29.Ng4 exf5 30.Qa2 Kh8 31.Nf6 gxf6 32.Qc2 Be3
33.exf6 Bxf2+ 34.Qxf2 Qxf2+ 35.Kxf2 Be4 0-1

[Event "Finland Team Ch 2011-2012"]
[Site "Helsinki FIN"]
[Date "2012.01.14"]
[Round "5"]
[White "Sobenin, Evgeny"]
[Black "Heikkinen, Pentti"]
[Result "1/2-1/2"]
[Section "II Division:1"]
[Board "3"]
[WhiteTeam "Lauttasaaren Shakkikerho"]
[BlackTeam "Itä-Helsingin Shakkikerho 3"]
[WhiteElo "1926"]
[BlackElo "1634"]

1.d4 d5 2.c4 c6 3.Nc3 e6 4.Nf3 Bd6 5.Bg5 Ne7 6.e3 h6 7.Bh4 O-O 8.Bd3
Nd7 9.O-O f5 10.Bg3 Nf6 11.Bxd6 Qxd6 12.c5 Qd7 13.Ne5 Qe8 14.b4 a6
15.a4 g5 16.f3 Kg7 17.Ra2 Nd7 18.Qe1 Nxe5 19.dxe5 Ng6 20.f4 g4 21.Ne2
h5 22.Nd4 h4 23.Qb1 Ne7 24.Qe1 Rh8 25.a5 Bd7 26.Qc3 Qc8 27.h3 g3
28.Nf3 Qe8 29.Ng5 Qg6 30.Be2 Rad8 31.Rd1 Kh6 32.Nf3 Kg7 33.Ng5 Rhf8
34.Rd4 Bc8 35.Qe1 Rh8 36.Qd1 Qe8 37.Bf3 Kg6 38.Rad2 Kg7 39.Qe1 Qg6
40.Bd1 Qe8 41.Nf3 Qg6 42.Bc2 Rdf8 43.Kh1 Rh5 1/2-1/2

[Event "Finland Team Ch 2011-2012"]
[Site "Helsinki FIN"]
[Date "2012.01.14"]
[Round "5"]
[White "Backman, Kai"]
[Black "Joutsivuo, Timo"]
[Result "1/2-1/2"]
[Section "II Division:1"]
[Board "4"]
[WhiteTeam "Itä-Helsingin Shakkikerho 3"]
[BlackTeam "Lauttasaaren Shakkikerho"]
[WhiteElo "1691"]
[BlackElo "1928"]

1.Nf3 d5 2.g3 c5 3.Bg2 Nc6 4.d4 Nf6 5.O-O cxd4 6.Nxd4 e5 7.Nxc6 bxc6
8.c4 e4 9.cxd5 cxd5 10.Nc3 Be7 11.Be3 O-O 12.Bd4 Be6 13.Qd2 Qd7
14.Rfd1 Rfd8 15.Rac1 Qb7 16.Rc2 Rac8 17.Rdc1 a6 (17...Nd7) 18.a3
(18.Bxf6! Bxf6 19.Nxd5) Rc4 19.Nd1 (19.Nxd5? Rxd4) Rxc2 20.Rxc2 Rc8
21.Rxc8+ Qxc8 22.Qc3 Qxc3 23.Nxc3 Nd7 24.e3 Bc5 25.Ne2 Bxd4 26.Nxd4
Kf8 27.b4 Ke7 28.Bf1 Nb8 29.Nb3 Kd6 30.Nc5 Bc8 31.Be2 a5 32.f3 f5
(32...axb4 33.axb4 exf3 34.Bxf3 Nc6) 33.fxe4 fxe4 34.Nb3 axb4 35.axb4
Nc6 36.b5 Ne5 37.Kf2 Bg4 38.Nc1 Kc5 39.Nb3+ Kb6 40.Nd4 g6 41.Ke1 Bxe2
42.Kxe2 h6 43.h3 Nf7 44.Ne6 Kxb5 45.Nf4 Kc4 46.Nxg6 Kc5 47.Ne7 Kd6
48.Nf5+ Ke5 49.Nd4 h5 50.Nc6+ Kd6 1/2-1/2

[Event "Finland Team Ch 2011-2012"]
[Site "Helsinki FIN"]
[Date "2012.01.14"]
[Round "5"]
[White "Vesely, Petr"]
[Black "Toikkanen, Seppo"]
[Result "1-0"]
[Section "II Division:1"]
[Board "5"]
[WhiteTeam "Lauttasaaren Shakkikerho"]
[BlackTeam "Itä-Helsingin Shakkikerho 3"]
[WhiteElo "1927"]
[BlackElo "1528"]
[Termination "time forfeit"]

1.c4 e6 2.d4 g6 3.g3 Bg7 4.Bg2 Ne7 5.Nc3 d6 6.Bf4 O-O 7.Nf3 Nd7 8.O-O
a6 9.Rc1 Rb8 10.b4 b6 11.e4 Nc6 12.b5 Ne7 13.Re1 e5 14.Bg5 f6 15.Be3
a5 16.Qc2 exd4 17.Nxd4 Ne5 18.Nd5 c5? 19.bxc6 N7xc6 20.Rb1 Nxd4
21.Bxd4 Nd7 22.Bh3 Bb7 23.Bxb6 Nxb6 24.Rxb6 Bxd5 25.Rxb8 Qxb8 26.cxd5
Kh8 27.Rb1 Qd8 28.Rb7 f5 29.exf5 gxf5 30.Bxf5 h6 31.Qe4 Qf6 32.g4 h5
33.h3 Qg5 34.Kg2 hxg4 35.hxg4 Qf6 36.Qe6 Qg5 37.Rf7 Rb8 38.Qxd6 Rd8
39.Qe7 Qxe7 40.Rxe7 Bf8 41.Rh7+ Kg8 42.Ra7 Bb4 43.Rc7 Bf8 44.Be6+ Kh8
45.g5 1-0

[Event "Finland Team Ch 2011-2012"]
[Site "Helsinki FIN"]
[Date "2012.01.14"]
[Round "4"]
[White "Lehvonen, Jari"]
[Black "Turtiainen, Kimmo"]
[Result "1-0"]
[Section "III Division:4"]
[Board "3"]
[WhiteTeam "Rikospoliisien Shakkikerho"]
[BlackTeam "Lauttasaaren Shakkikerho 2"]
[WhiteElo "1777"]
[BlackElo "1792"]

1.Nf3 Nf6 2.c4 c5 3.Nc3 g6 4.d4 cxd4 5.Nxd4 Bg7 6.g3 Nc6 7.Bg2 O-O
8.O-O Qc7 9.Ndb5 Qb8 10.Nd5 Ne8 11.Bg5 f6?? 12.Nxe7+ Nxe7 13.Bf4 d6
14.Nxd6 g5 (14...Be6) 15.Bd5+ Rf7 16.Bxf7+ Kf8 17.Bxe8 gxf4 18.c5 Bh3
19.Qb3 Qxe8 20.Nxe8 Kxe8 21.Rfd1 Bd7 22.Rxd7 1-0

[Event "Finland Team Ch 2011-2012"]
[Site "Helsinki FIN"]
[Date "2012.01.14"]
[Round "4"]
[White "Siikonen, Timo"]
[Black "Reijo, Risto"]
[Result "1-0"]
[Section "III Division:4"]
[Board "4"]
[WhiteTeam "Lauttasaaren Shakkikerho 2"]
[BlackTeam "Rikospoliisien Shakkikerho"]
[WhiteElo "1762"]
[BlackElo "1600"]

1.e4 c5 2.f4 e6 3.Nf3 Qc7 4.e5 f6 5.Bc4 a6 6.a4 Nc6 7.Qe2 Nd4 8.Nxd4
cxd4 9.O-O Bc5 10.d3 f5 11.Nd2 Ne7 12.Qh5+ Ng6 13.Nf3 Be7 14.Bd2 Qb6
15.Ng5 Bxg5 16.Qxg5 O-O 17.Bb3 a5 18.Rf3 Qd8 19.Qg3 Qh4 20.Qe1 Qxe1+
21.Bxe1 b6 22.Rf1 Ne7 23.Bf2 Nc6 24.Bc4 Ba6 25.Bb5 Rfb8 26.Bxc6 dxc6
27.Bxd4 c5 28.Bc3 Bb7 29.b3 Rd8 30.Rad1 Ba6 31.Rd2 Rd7 32.Rfd1 Rad8
33.Kf2 Rd5 34.Ke3 Bb7 35.d4 Ra8 36.Bb2 Rc8 37.c4 Rdd8 38.dxc5 Rxd2
39.Rxd2 bxc5 40.Bc3 Ra8 41.g3 Be4 42.Ke2 Rb8 43.Rb2 Ra8 44.Kd1 Kf7
45.Kc1 Ke7 46.Rd2 Ra7 47.Rd6 Rd7 48.Rxd7+ Kxd7 49.Bxa5 Kc6 50.Kd2 h6
51.Kc3 g5 52.fxg5 hxg5 53.Bd8 g4 54.a5 Kd7 55.Bb6 Kc6 56.b4 (56.Bxc5!)
cxb4+ 57.Kxb4 Kb7 58.Kb5 Bc6+ 59.Kc5 Bd7 60.Kd6 Ba4 61.Kxe6 Bb3
62.Kxf5 1-0